Notice of some remarks by the late Mr. Hugh Miller. (Record no. 25405)

MARC details
000 -LEADER
fixed length control field 00944cam a22002411 4500
001 - CONTROL NUMBER
control field gs 14000669
003 - CONTROL NUMBER IDENTIFIER
control field DLC
005 - DATE AND TIME OF LATEST TRANSACTION
control field 20260227111316.0
008 - FIXED-LENGTH DATA ELEMENTS--GENERAL INFORMATION
fixed length control field 860611s1857 pau 000 0 eng c
010 ## - LIBRARY OF CONGRESS CONTROL NUMBER
LC control number gs 14000669
035 ## - SYSTEM CONTROL NUMBER
System control number (OCoLC)13716259
040 ## - CATALOGING SOURCE
Original cataloging agency U.S.Geol.survey. Library
Transcribing agency PHi
Modifying agency DLC
042 ## - AUTHENTICATION CODE
Authentication code premarc
050 00 - LIBRARY OF CONGRESS CALL NUMBER
Classification number BS657.M5
Item number F6
100 1# - MAIN ENTRY--PERSONAL NAME
Personal name Foulke, William Parker.
245 10 - TITLE STATEMENT
Title Notice of some remarks by the late Mr. Hugh Miller.
260 ## - PUBLICATION, DISTRIBUTION, ETC.
Place of publication, distribution, etc. Philadelphia,
Date of publication, distribution, etc. 1857.
300 ## - PHYSICAL DESCRIPTION
Extent 19 p.
Dimensions 23 cm.
500 ## - GENERAL NOTE
General note Cover title.
500 ## - GENERAL NOTE
General note Two extracts from "The testimony of the rocks", followed by comments, the latter reprinted from the Proceedings of the Academy of Natural Sciences of Philadelphia, vol. VII, May 9, 1854 and vol. IX, May 5, 1857, and Proceedings of the American Philosophical Society, vol. VI, May 1, 1857.
600 10 - SUBJECT ADDED ENTRY--PERSONAL NAME
Personal name Miller, Hugh,
Dates associated with a name 1802-1856.
Title of a work Testimony of the rocks.
650 #0 - SUBJECT ADDED ENTRY--TOPICAL TERM
Topical term or geographic name entry element Geology.

No items available.

Powered by Koha